| 000 | 00485nam a2200133 a 4500 | ||
|---|---|---|---|
| 008 | 120416s1960 ||||||||||||||||| || u | ||
| 050 | _aBF 385 Lai | ||
| 100 | _aLaird, Donald A | ||
| 245 | 1 | 0 | _aTechniques for efficient remembering |
| 260 |
_aLondon _bMcGraw-Hill _c1960 |
||
| 350 | _a0.00 | ||
| 650 | 3 | _aPSYCHOLOGY | |
| 995 |
_D0.00 _FCBU-MAIN LIBRARY (Kitwe) _H1 _I10.00 _M1 _UAVAILABLE _WMay 15, 2006 _ZAnnex Low-Usage Collection |
||
| 999 |
_c59535 _d59535 |
||